000 00445nam a2200169Ia 4500
001 20172
003 IN-NITTTR
005 20251114233231.0
008 251113s9999||||xx |||||||||||||| ||eng||
040 _beng
040 _cIN-NITTTR
041 _aeng
082 _a658.4036 S91T
100 _aShuster, H. David
245 0 _aTeaming for quality improvement :
_b a process for innovation and consensus. /
_cShuster, H. David
942 _2ddc
_cBK
999 _c22806
_d22806